00761nam a22002057a 4500003000500000005001700005008004100022010001000063011001000073035001000083040000900093100004100102245013800143260003900281300001900320502013000339650003500469650003300504650001800537CHAP20220329135424.0971013s1980 r 00010 d a36185 a37157 a41276 cCHAP00aPaliz Sánchez, Vicente Napoleón. aEvaluación de la capacidad de búsqueda de Trichogramma protiosum Riley sobre huevecillos de Heliothis zea (Boddie), en algodonero aMonterrey, N.L. :bEl autor,c1980 a93 h.b: ilus. aTesis (M.C. Esp. en Parasitología Agrícola) -- ITESM. Div. de Ciencias Agropecuarias y Marítimas. Programa de Graduados14aControl biológico de plagas.14aHeliothis (Helicoverpa) zea.14aTrichogramma.